LEADER 01288nam a2200289 u 4500 001 000000013803 003 CaOOAMICUS 005 20070226105706.0 008 940517s1975 gw b u000 u ger u 020 $a3777275131 035 $a10328498 040 $aPUL(R)$bita 100 1 $aSprandel, Rolf,$d1931-$0(OLS)http://pul/name/12927 245 14$aDas mittelalterliche Zahlungssystem :$bNach hansisch-nordischen Quellen des 13.-15. Jahrhunderts /$cvon Rolf Sprandel. 260 $aStuttgart :$bHiersemann,$c1975. 300 $a[7] 226 p. :$b4 maps ;$c25 cm 490 1 $aMonographien zur Geschichte des Mittelalters ;$vBd. 10 500 $aContiene indice. 504 $a"Literaturverzeichnis": p. 204-217. 830 0$aMonographien zur Geschichte des Mittelalters ;$vBd. 10.$0(OLS)http://pul/title/431 850 $aPUL 852 $aPUL$W1$xSL Filosofia 1$y2$m104 H 10$j19400$nBK-PRI$b $qStampati$B19400$CPULBib$Z2$F19400 $H $81 941 1 $a8 961 $aINV: 41526 996 $6020$a3777275131$9(OLS)http://pul/number/17604 996 $6245$aDas mittelalterliche Zahlungssystem :$bNach hansisch-nordischen Quellen des 13.-15. Jahrhunderts$9(OLS)http://pul/title/19875 996 $6260$aStuttgart :$bHiersemann$9(OLS)http://pul/publisher/48047 LEADER 01403nam a2200289 a 4500 001 000000126086 003 CaOOAMICUS 005 20110719131558.0 008 110719s2008 it 000 u fre r 020 $a978-88-7839-131-4 040 $aPUL$bita 100 1 $aSanou, Jean Baptiste,$csac.,$d1966-$0(OLS)http://pul/name/68796 245 10$aViolence et sagesse dans la philosophie d'Éric Weil /$cJean Baptiste Sanou. 260 $aRoma :$bEditrice Pontificia Università Gregoriana,$c2008. 300 $a387 p.$c23 cm 490 1 $aAnalecta Gregoriana. Series Facultatis Philosophiae. Sectio B ;$vVol. 304 504 $aBibliografia p. [357]-380. 600 14$aWeil, Éric,$d1904-1977$xFilosofia.$0(OLS)http://pul/subject/36704 650 4$aFilosofia contemporanea.$0(OLS)http://pul/subject/8502 830 0$aAnalecta Gregoriana.$pSeries Facultatis Philosophiae.$nSectio B ;$vVol. 304.$0(OLS)http://pul/title/3880 850 $aPUL 852 $aPUL$W1$xSL Religione 2$y84$mTheol A1 304$j145248$qStampati Altre Collocazioni$B144271$CPULBib$Z2$F144271 $H116086 $82 941 1 $a10 996 $6020$a978-88-7839-131-4$9(OLS)http://pul/number/147803 996 $6245$aViolence et sagesse dans la philosophie d'Éric Weil$9(OLS)http://pul/title/140625 996 $6260$aRoma :$bEditrice Pontificia Università Gregoriana$9(OLS)http://pul/publisher/51116